[Event "Reunion op 11th"]
[Site "St Denis"]
[Date "2009.10.15"]
[Round "7"]
[White "Jeannel, Philippe"]
[Black "Li Ying, Patrick"]
[Result "1/2-1/2"]
[WhiteElo "1932"]
[BlackElo "2142"]
[PlyCount "145"]
[EventDate "2009.10.10"]
[EventType "swiss"]
[EventRounds "9"]
[EventCountry "RUF"]
[SourceTitle "CBM 132 Extra"]
[Source "ChessBase"]
[SourceDate "2009.11.03"]
[SourceVersion "1"]
[SourceVersionDate "2009.11.03"]
[SourceQuality "1"]

1. e4 c5 2. Nf3 d6 3. b3 Nf6 4. e5 dxe5 5. Bb2 e4 6. Ne5 e6 7. g3 Be7 8. Bg2 0-0 9. Nc3 Qd4 10. Na4 Qd6 11. Nc4 Qd8 12. Nc3 Bd7 13. Nxe4 Bc6 14. Nxf6+ Bxf6 15. Bxf6 Qxf6 16. 0-0 Bxg2 17. Kxg2 b5 18. Nd6 a6 19. Qf3 Qxf3+ 20. Kxf3 Nc6 21. c3 Rfd8 22. Ne4 Ne5+ 23. Ke2 Rac8 24. f4 Ng4 25. h3 Nh6 26. Rf3 Nf5 27. a3 c4 28. b4 Rc6 29. Nc5 Rcd6 30. Ra2 Rc6 31. a4 h5 32. axb5 axb5 33. g4 hxg4 34. hxg4 Nd6 35. d4 Ne8 36. f5 exf5 37. Rxf5 Rh6 38. Ra5 Nd6 39. Rd5 Re8+ 40. Re5 Rh2+ 41. Kd1 Rh1+ 42. Kc2 Rh2+ 43. Kb1 Rh1+ 44. Kb2 Rh2+ 45. Ka3 Re2 46. Rxe8+ Rxe8 47. Kb2 Kh7 48. Kc2 f6 49. Ra6 Ne4 50. Re6 Rxe6 51. Nxe6 Kg8 52. Nc7 Nd6 53. Kd2 Ne4+ 54. Kc2 Nd6 55. Kd1 g6 56. Ke2 Kf7 57. Ke3 Ke7 58. Nd5+ Ke6 59. Nf4+ Kf7 60. d5 f5 61. gxf5 Nxf5+ 62. Ke4 Kf6 63. Ng2 g5 64. Ne1 g4 65. Kf4 Ne7 66. Ke4 Nf5 67. Ng2 g3 68. Ne1 Nh4 69. Nf3 Nxf3 70. Kxf3 Ke5 71. Kxg3 Kxd5 72. Kf4 Kd6 73. Ke4 1/2-1/2

[Event "Reunion op 11th"]
[Site "St Denis"]
[Date "2009.10.12"]
[Round "4"]
[White "Desor, Helmut"]
[Black "Jeannel, Philippe"]
[Result "0-1"]
[WhiteElo "1753"]
[BlackElo "1932"]
[PlyCount "58"]
[EventDate "2009.10.10"]
[EventType "swiss"]
[EventRounds "9"]
[EventCountry "RUF"]
[SourceTitle "CBM 132 Extra"]
[Source "ChessBase"]
[SourceDate "2009.11.03"]
[SourceVersion "1"]
[SourceVersionDate "2009.11.03"]
[SourceQuality "1"]

1. d4 d5 2. Nf3 Bf5 3. Nc3 Nf6 4. e3 e6 5. Be2 c5 6. 0-0 Nc6 7. Nh4 Bg6 8. Nxg6 hxg6 9. Bf3 cxd4 10. exd4 Qb6 11. Ne2 Bd6 12. g3 0-0-0 13. b3 Be7 14. Be3 Kb8 15. Nc3 Ka8 16. Na4 Qc7 17. Qe2 Ba3 18. c3 Bd6 19. Nc5 Ne7 20. Qb5 Nf5 21. Bg5 Rh7 22. Kg2 a6 23. Qe2 Bxc5 24. dxc5 Qxc5 25. c4 dxc4 26. Bxf6 gxf6 27. Rfd1 Rhh8 28. Qe4 Rxh2+ 29. Kxh2 Qxf2+ 0-1

[Event "Reunion op 11th"]
[Site "St Denis"]
[Date "2009.10.11"]
[Round "3"]
[White "Jeannel, Philippe"]
[Black "Letreguilly, Olivier"]
[Result "0-1"]
[WhiteElo "1932"]
[BlackElo "2365"]
[PlyCount "70"]
[EventDate "2009.10.10"]
[EventType "swiss"]
[EventRounds "9"]
[EventCountry "RUF"]
[SourceTitle "CBM 132 Extra"]
[Source "ChessBase"]
[SourceDate "2009.11.03"]
[SourceVersion "1"]
[SourceVersionDate "2009.11.03"]
[SourceQuality "1"]

1. e4 d5 2. exd5 Nf6 3. d4 Nxd5 4. c4 Nb6 5. Nc3 g6 6. h3 Bg7 7. Nf3 0-0 8. c5 N6d7 9. Bc4 Nc6 10. Be3 e5 11. dxe5 Ndxe5 12. Nxe5 Nxe5 13. Be2 Qh4 14. Qa4 Nd3+ 15. Kf1 Qxa4 16. Nxa4 Nxb2 17. Nxb2 Bxb2 18. Rb1 Be5 19. f4 Bf6 20. Bc4 b6 21. Kf2 Bf5 22. Rbd1 Rad8 23. Rhf1 Rxd1 24. Rxd1 Rd8 25. Rxd8+ Bxd8 26. Kf3 Be6 27. Bb3 Be7 28. Ke4 Kf8 29. Ke5 Bxc5 30. Bxc5+ bxc5 31. g4 Ke7 32. f5 f6+ 33. Ke4 gxf5+ 34. gxf5 Bxb3 35. axb3 Kd6 0-1

[Event "Reunion op 11th"]
[Site "St Denis"]
[Date "2009.10.10"]
[Round "1"]
[White "Jeannel, Philippe"]
[Black "Semanele, Donald"]
[Result "1-0"]
[WhiteElo "1932"]
[BlackElo "1360"]
[PlyCount "56"]
[EventDate "2009.10.10"]
[EventType "swiss"]
[EventRounds "9"]
[EventCountry "RUF"]
[SourceTitle "CBM 132 Extra"]
[Source "ChessBase"]
[SourceDate "2009.11.03"]
[SourceVersion "1"]
[SourceVersionDate "2009.11.03"]
[SourceQuality "1"]

1. d4 d5 2. Nf3 Nf6 3. e3 e6 4. c4 b6 5. Nc3 Bb7 6. Bd2 Be7 7. Rc1 0-0 8. Bd3 Bd6 9. 0-0 Qe7 10. a3 Nbd7 11. b4 a6 12. c5 bxc5 13. bxc5 Ne4 14. cxd6 Qxd6 15. Nb1 c5 16. Bxe4 dxe4 17. dxc5 Nxc5 18. Ne1 a5 19. Bc3 Qe7 20. Bd4 Rac8 21. Rxc5 Rxc5 22. Bxc5 Qxc5 23. Nc2 e5 24. a4 Bd5 25. Nca3 Bc6 26. Qb3 Qa7 27. Rc1 Rb8 28. Rxc6 Rxb3 1-0

[Event "Reunion op 09th"]
[Site "Reunion"]
[Date "2007.10.18"]
[Round "5"]
[White "Ranaivoharisoa, Alain"]
[Black "Jeannel, Philippe"]
[Result "1-0"]
[WhiteElo "2079"]
[BlackElo "1956"]
[PlyCount "55"]
[EventDate "2007.10.14"]
[EventType "swiss"]
[EventRounds "9"]
[EventCountry "RUF"]
[SourceTitle "EXT 2012"]
[Source "ChessBase"]
[SourceDate "2011.11.24"]
[SourceVersion "1"]
[SourceVersionDate "2011.11.24"]
[SourceQuality "1"]

1. e4 e5 2. Nf3 Nc6 3. Bc4 d6 4. 0-0 h6 5. c3 Be6 6. Bxe6 fxe6 7. Qb3 Qc8 8. d4 exd4 9. cxd4 Be7 10. d5 exd5 11. exd5 Ne5 12. Nxe5 dxe5 13. Re1 Bd6 14. f4 Qg4 15. fxe5 Bc5+ 16. Be3 Bxe3+ 17. Qxe3 0-0-0 18. Nc3 Kb8 19. Nb5 b6 20. Rac1 Ne7 21. d6 cxd6 22. Qa3 Nc8 23. Rxc8+ Kxc8 24. Qxa7 Qc4 25. exd6 Qc5+ 26. Kh1 Qc6 27. Qxg7 Rhg8 28. Na7+ 1-0

[Event "Reunion op 09th"]
[Site "Reunion"]
[Date "2007.10.15"]
[Round "3"]
[White "Henry, Laura"]
[Black "Jeannel, Philippe"]
[Result "0-1"]
[WhiteElo "1624"]
[BlackElo "1956"]
[PlyCount "68"]
[EventDate "2007.10.14"]
[EventType "swiss"]
[EventRounds "9"]
[EventCountry "RUF"]
[SourceTitle "EXT 2012"]
[Source "ChessBase"]
[SourceDate "2011.11.24"]
[SourceVersion "1"]
[SourceVersionDate "2011.11.24"]
[SourceQuality "1"]

1. e4 e5 2. Nf3 Nc6 3. Bb5 a6 4. Ba4 d6 5. 0-0 Be7 6. c3 Nf6 7. Re1 0-0 8. d4 b5 9. Bc2 Bg4 10. Be3 Re8 11. Nbd2 Bf8 12. h3 exd4 13. cxd4 Bh5 14. Nf1 Bg6 15. Ng3 Qd7 16. Bg5 Be7 17. e5 dxe5 18. Bxg6 hxg6 19. dxe5 Nd5 20. Ne4 Bxg5 21. Nexg5 Rad8 22. Rc1 Nce7 23. e6 fxe6 24. Nxe6 Rc8 25. Rc5 c6 26. Neg5 Nf5 27. g4 Nd6 28. Rxd5 cxd5 29. Qxd5+ Kh8 30. Qd3 Rc5 31. Qxg6 Rxg5 32. Nxg5 Rxe1+ 33. Kg2 Qc6+ 34. Kg3 Ne4+ 0-1

[Event "Reunion-ch"]
[Site "Reunion"]
[Date "2006.02.26"]
[Round "8"]
[White "Jeannel, Philippe"]
[Black "Mablouke, Ulrich"]
[Result "1/2-1/2"]
[WhiteElo "1580"]
[BlackElo "1670"]
[PlyCount "38"]
[EventDate "2005.11.26"]
[EventType "swiss"]
[EventRounds "9"]
[EventCountry "RUF"]
[SourceTitle "EXT 2008"]
[Source "ChessBase"]
[SourceDate "2007.11.25"]
[SourceVersion "1"]
[SourceVersionDate "2007.11.25"]
[SourceQuality "1"]

1. e4 e6 2. d4 d5 3. exd5 exd5 4. Bd3 Bd6 5. Nf3 Nf6 6. 0-0 0-0 7. Bg5 Bg4 8. Re1 Nc6 9. c3 Re8 10. Rxe8+ Qxe8 11. Bxf6 gxf6 12. Nbd2 Qf8 13. Qc2 Qh6 14. Re1 Kh8 15. g3 Rg8 16. Nh4 Qxh4 17. gxh4 Bh3+ 18. Bg6 Rxg6+ 19. Qxg6 fxg6 1/2-1/2

[Event "Reunion-ch"]
[Site "Reunion"]
[Date "2006.02.05"]
[Round "5"]
[White "Faustin, Patrice"]
[Black "Jeannel, Philippe"]
[Result "1-0"]
[WhiteElo "1700"]
[BlackElo "1580"]
[PlyCount "111"]
[EventDate "2005.11.26"]
[EventType "swiss"]
[EventRounds "9"]
[EventCountry "RUF"]
[SourceTitle "EXT 2008"]
[Source "ChessBase"]
[SourceDate "2007.11.25"]
[SourceVersion "1"]
[SourceVersionDate "2007.11.25"]
[SourceQuality "1"]

1. e4 e5 2. Nf3 Nc6 3. Bb5 d6 4. 0-0 Nf6 5. Re1 Be7 6. c3 0-0 7. d4 exd4 8. cxd4 Bg4 9. d5 Ne5 10. Nbd2 a6 11. Be2 Nxf3+ 12. Bxf3 Bxf3 13. Nxf3 Re8 14. Nd4 h6 15. Qf3 Bf8 16. Nf5 Nd7 17. Qg3 Kh7 18. Re3 g6 19. Nh4 Be7 20. Rf3 Ne5 21. Rxf7+ Nxf7 22. Qxg6+ Kh8 23. Nf5 Bf6 24. Qxf7 Rf8 25. Qg6 Qd7 26. Bxh6 Rf7 27. Re1 Rg8 28. Qh5 Rh7 29. Re3 Rg5 30. Qe2 Rg6 31. f4 Rgxh6 32. Nxh6 Bd4 33. Nf5 Bxe3+ 34. Qxe3 Qa4 35. Qc3+ Kg8 36. Qg3+ Kf8 37. Qg6 Qxe4 38. Qf6+ Ke8 39. Qe6+ Qxe6 40. dxe6 d5 41. h4 c5 42. Kf2 Kd8 43. g4 Kc7 44. g5 Rh5 45. Ke3 d4+ 46. Kd3 Kc6 47. e7 Kd7 48. Ke4 Rh8 49. g6 Ke6 50. g7 Re8 51. Nh6 Kxe7 52. g8Q Kd7+ 53. Qxe8+ Kxe8 54. Nf5 b6 55. Nd6+ Kf8 56. a4 1-0

[Event "Reunion op"]
[Site "Reunion"]
[Date "2005.11.11"]
[Round "1"]
[White "Phillips, Roy Jean Noel"]
[Black "Jeannel, Philippe"]
[Result "1-0"]
[WhiteElo "2212"]
[BlackElo "1580"]
[PlyCount "91"]
[EventDate "2005.11.11"]
[EventType "swiss"]
[EventRounds "9"]
[EventCountry "RUF"]
[SourceTitle "EXT 2008"]
[Source "ChessBase"]
[SourceDate "2007.11.25"]
[SourceVersion "1"]
[SourceVersionDate "2007.11.25"]
[SourceQuality "1"]

1. d4 d5 2. c4 c6 3. Nf3 e6 4. e3 Nf6 5. Nbd2 Bd6 6. b3 0-0 7. Bb2 Re8 8. Bd3 h6 9. 0-0 Nh7 10. e4 f5 11. exf5 exf5 12. Qc2 Qf6 13. Rae1 Rf8 14. Ne5 Ng5 15. Re2 Na6 16. a3 Be6 17. c5 Bxe5 18. dxe5 Qg6 19. Kh1 Rad8 20. b4 Nc7 21. Nb3 Bc8 22. Nd4 Nce6 23. Nxf5 Kh8 24. Ne7 Qf7 25. Ng6+ Kg8 26. Nxf8 Rxf8 27. f4 Qh5 28. Ref2 Ne4 29. Bxe4 dxe4 30. Qxe4 Rf5 31. Bc1 Nc7 32. Rg1 Qh4 33. g3 Qh3 34. Qg2 Qg4 35. Qf3 Qh3 36. g4 Qxf3+ 37. Rxf3 Rf8 38. h3 Be6 39. Kh2 Nd5 40. f5 Bc8 41. Rgf1 Re8 42. e6 b5 43. g5 h5 44. Bb2 Re7 45. f6 Rxe6 46. f7+ 1-0

[Event "Sainte Marie op"]
[Site "Sainte Marie"]
[Date "2005.10.15"]
[Round "1"]
[White "Jeannel, Philippe"]
[Black "Weber, Francois"]
[Result "1-0"]
[WhiteElo "1580"]
[BlackElo "1989"]
[PlyCount "89"]
[EventDate "2005.10.15"]
[EventType "swiss"]
[EventRounds "9"]
[EventCountry "FRA"]
[SourceTitle "EXT 2006"]
[Source "ChessBase"]
[SourceDate "2005.11.24"]
[SourceVersion "1"]
[SourceVersionDate "2005.11.24"]
[SourceQuality "1"]

1. d4 Nf6 2. c4 d5 3. e3 e6 4. Nf3 Be7 5. Nc3 0-0 6. Bd3 dxc4 7. Bxc4 c5 8. 0-0 Nc6 9. dxc5 Bxc5 10. a3 a6 11. b4 Be7 12. Bb2 b5 13. Ba2 Bb7 14. Qc2 Qc7 15. Ne4 Nxe4 16. Qxe4 Rfe8 17. Rac1 Bf8 18. Ng5 g6 19. Qh4 h6 20. Ne4 e5 21. Nf6+ Kh8 22. Nxe8 Rxe8 23. Qf6+ Bg7 24. Qxf7 Qb8 25. Rfd1 Rf8 26. Qxg6 Rf6 27. Qg3 Qe8 28. Bb1 Qe7 29. Rd2 Bc8 30. Bxe5 Nxe5 31. Rxc8+ Rf8 32. Rxf8+ Qxf8 33. f4 Nc4 34. Qg6 Kg8 35. Qh7+ Kf7 36. Rd7+ Ke6 37. Qxg7 Qxg7 38. Rxg7 Nxe3 39. Rg6+ Kd5 40. Rxh6 Nc4 41. Ba2 Ke4 42. Bxc4 bxc4 43. Rxa6 c3 44. Rc6 Kd3 45. f5 1-0